Ethnic tourism : (Record no. 51857)

MARC details
000 -LEADER
fixed length control field 00622nam a2200229Ia 4500
005 - DATE AND TIME OF LATEST TRANSACTION
control field 20260429112015.0
008 - FIXED-LENGTH DATA ELEMENTS--GENERAL INFORMATION
fixed length control field 260429s9999||||xx |||||||||||||| ||und||
020 ## - INTERNATIONAL STANDARD BOOK NUMBER
International Standard Book Number 9781032447940
041 ## - LANGUAGE CODE
Language English
082 ## - DEWEY DECIMAL CLASSIFICATION NUMBER
Classification number 910.684
Item number YAN
100 ## - MAIN ENTRY--PERSONAL NAME
Personal name Yang, Li
245 #0 - TITLE STATEMENT
Title Ethnic tourism :
Remainder of title impacts, challenges and opportunities /
Statement of responsibility, etc Li Yang
250 ## - EDITION STATEMENT
Edition statement 1st ed.
260 ## - PUBLICATION, DISTRIBUTION, ETC. (IMPRINT)
Place of publication, distribution, etc New Delhi :
Name of publisher, distributor, etc Routledge,
Date of publication, distribution, etc 2024.
300 ## - PHYSICAL DESCRIPTION
Extent viii, 230 p.; hb
650 ## - SUBJECT ADDED ENTRY--TOPICAL TERM
Topical term or geographic name as entry element Cultural tourism
650 ## - SUBJECT ADDED ENTRY--TOPICAL TERM
Topical term or geographic name as entry element Heritage studies
650 ## - SUBJECT ADDED ENTRY--TOPICAL TERM
Topical term or geographic name as entry element Tourism development
650 ## - SUBJECT ADDED ENTRY--TOPICAL TERM
Topical term or geographic name as entry element Ethnic tourism
700 ## - ADDED ENTRY--PERSONAL NAME
Personal name Wall, Geoffrey
942 ## - ADDED ENTRY ELEMENTS (KOHA)
Koha item type Text Books
Holdings
Withdrawn status Lost status Damaged status Not for loan Collection code Home library Location Shelving location Date of Cataloging Source of acquisition Total Checkouts Full call number Barcode Date last seen Price effective from Koha item type
        Non-fiction CUTN Central Library CUTN Central Library History & Geography 29/04/2026 SansRack Publishing Solutions, Chennai - Invoice No. S131/25-26 on 11-02-2026   910.684 YAN 56896 29/04/2026 29/04/2026 Text Books